<?xml version="1.0" encoding="UTF-8"?>
<record
    xmlns:xsi="http://www.w3.org/2001/XMLSchema-instance"
    xsi:schemaLocation="http://www.loc.gov/MARC21/slim http://www.loc.gov/standards/marcxml/schema/MARC21slim.xsd"
    xmlns="http://www.loc.gov/MARC21/slim">

  <leader>02821nam a2200433 i 4500</leader>
  <controlfield tag="001">192700</controlfield>
  <controlfield tag="003">SpMaBN</controlfield>
  <controlfield tag="005">20250827063233.0</controlfield>
  <controlfield tag="007">ta</controlfield>
  <controlfield tag="008">230512s2019    sp a   | |||| 000 0cspa  </controlfield>
  <datafield tag="017" ind1=" " ind2=" ">
    <subfield code="a">SE 1274-2021</subfield>
    <subfield code="b">Oficina Dep&#xF3;sito Legal Sevilla</subfield>
  </datafield>
  <datafield tag="020" ind1=" " ind2=" ">
    <subfield code="a">9788418926150</subfield>
  </datafield>
  <datafield tag="035" ind1=" " ind2=" ">
    <subfield code="a">(OCoLC)1158055327</subfield>
  </datafield>
  <datafield tag="040" ind1=" " ind2=" ">
    <subfield code="a">SpMaBN</subfield>
    <subfield code="b">spa</subfield>
    <subfield code="c">ES-MaACL</subfield>
    <subfield code="e">rda</subfield>
  </datafield>
  <datafield tag="080" ind1=" " ind2=" ">
    <subfield code="a">929-054.7(=1.460:100)"1936/39"</subfield>
  </datafield>
  <datafield tag="080" ind1=" " ind2=" ">
    <subfield code="a">929-057.85(460)"1936/39"</subfield>
  </datafield>
  <datafield tag="245" ind1="0" ind2="0">
    <subfield code="a">Talento y exilio :</subfield>
    <subfield code="b">la di&#xE1;spora del conocimiento II /</subfield>
    <subfield code="c">Pilar Nova Melle, Pedro L&#xF3;pez L&#xF3;pez (coords.)</subfield>
  </datafield>
  <datafield tag="260" ind1=" " ind2=" ">
    <subfield code="a">Sevilla :</subfield>
    <subfield code="b">Punto Rojo Libros,</subfield>
    <subfield code="c">[2021]</subfield>
  </datafield>
  <datafield tag="300" ind1=" " ind2=" ">
    <subfield code="a">232 p&#xE1;ginas :</subfield>
    <subfield code="b">retratos ;</subfield>
    <subfield code="c">21 cm</subfield>
  </datafield>
  <datafield tag="336" ind1=" " ind2=" ">
    <subfield code="a">Texto</subfield>
    <subfield code="2">rdacontent</subfield>
  </datafield>
  <datafield tag="337" ind1=" " ind2=" ">
    <subfield code="a">sin mediaci&#xF3;n</subfield>
    <subfield code="2">rdamedia</subfield>
  </datafield>
  <datafield tag="338" ind1=" " ind2=" ">
    <subfield code="a">volumen</subfield>
    <subfield code="2">rdacarrier</subfield>
  </datafield>
  <datafield tag="490" ind1="1" ind2=" ">
    <subfield code="a">Talento y exilio ; </subfield>
    <subfield code="v">2</subfield>
  </datafield>
  <datafield tag="500" ind1=" " ind2=" ">
    <subfield code="a">En contracubierta: Asociaci&#xF3;n Descendientes del Exilio Espa&#xF1;ol</subfield>
  </datafield>
  <datafield tag="500" ind1=" " ind2=" ">
    <subfield code="a">&#xCD;ndice</subfield>
  </datafield>
  <datafield tag="504" ind1=" " ind2=" ">
    <subfield code="a">Referencias bibliogr&#xE1;ficas</subfield>
  </datafield>
  <datafield tag="505" ind1=" " ind2=" ">
    <subfield code="a">Jos&#xE9; Mar&#xED;a &#xC1;lvarez Posada "Celso Amieva". Encarnaci&#xF3;n Aragoneses Urquijo "Elena Fort&#xFA;n". Aurora Arn&#xE1;iz Amigo. Manuela Ballester Vilaseca. Adela y Petra Barn&#xE9;s Gonz&#xE1;lez. Josep Bartol&#xED; i Guiu. Constancio Bernaldo de Quir&#xF3;s. Roser Bru Llop. Od&#xF3;n de Buen y del Cos. Dem&#xF3;filo de Buen Lozano. Antonio Camaz&#xF3;n Valent&#xED;n. F&#xE9;lix Candela Outeri&#xF1;o. Mar&#xED;a Casares. Juanita Cruz. Rosita D&#xED;az Gimeno. Mart&#xED;n Dom&#xED;nguez Esteban. Mariano Doporto Marchori. Victorina Dur&#xE1;n. Ismael Escobar Vallejo. Rosa Garc&#xED;a Ascot. Antonio Garc&#xED;a Ban&#xFA;s. Luis Garc&#xED;a Gallo. Elvira Gasc&#xF3;n. Marina Ginest&#xE1; Coloma. Agust&#xED;n G&#xF3;mez Arcos. Agust&#xED;n G&#xF3;mez Pagola. Encarnaci&#xF3;n Hern&#xE1;ndez Luna. Gonzalo Losada Ben&#xED;tez. Antonio Madinaveitia y Tabuyo. Julio Mangada Rosen&#xF6;rn. F&#xE9;lix Mart&#xED; Ib&#xE1;&#xF1;ez. Pablo Miaja. Constancia de la Mora Maura. Jos&#xE9; Moreno Villa. Matilde Mu&#xF1;oz Barberi. &#xC1;lvaro de Orriols Lletget. Teresa P&#xE0;mies i Bertran. Timoteo P&#xE9;rez Rubio. Augusto P&#xE9;rez-Vitoria. Miguel Prados Such. Josep Renau Berrenguer. Mercedes Rodrigo Bellido. Mariano Ruiz Funes. Manuel S&#xE1;nchez Arcas. Araceli S&#xE1;nchez Urquijo. Llu&#xED;s Santal&#xF3; Sors. Alma Tapia Bol&#xED;var. Mar&#xED;a Teresa Toral Pe&#xF1;aranda. Salvador Valverde L&#xF3;pez-Bailly. Jos&#xE9; Vela Zanetti. Libertad Fern&#xE1;ndez Lafuente</subfield>
  </datafield>
  <datafield tag="520" ind1=" " ind2=" ">
    <subfield code="a">Recoge 50 semblanzas</subfield>
  </datafield>
  <datafield tag="600" ind1="1" ind2="7">
    <subfield code="a">Garc&#xED;a Ascot, Rosa, </subfield>
    <subfield code="d">1902-2002</subfield>
    <subfield code="2">embne</subfield>
    <subfield code="9">240872</subfield>
  </datafield>
  <datafield tag="650" ind1=" " ind2="4">
    <subfield code="a">Exiliados espa&#xF1;oles-</subfield>
    <subfield code="y">1936-1939</subfield>
    <subfield code="2">embne</subfield>
    <subfield code="9">12657</subfield>
  </datafield>
  <datafield tag="650" ind1=" " ind2="7">
    <subfield code="a">Intelectuales-</subfield>
    <subfield code="z">Espa&#xF1;a-</subfield>
    <subfield code="y">1936-1939</subfield>
    <subfield code="9">161799</subfield>
  </datafield>
  <datafield tag="655" ind1=" " ind2="0">
    <subfield code="a">Biograf&#xED;as</subfield>
    <subfield code="9">176647</subfield>
  </datafield>
  <datafield tag="700" ind1="1" ind2=" ">
    <subfield code="a">Nova Melle, Pilar</subfield>
    <subfield code="e">pbd</subfield>
    <subfield code="9">176583</subfield>
  </datafield>
  <datafield tag="700" ind1="0" ind2=" ">
    <subfield code="a">L&#xF3;pez L&#xF3;pez, Pedro</subfield>
    <subfield code="e">pbd</subfield>
    <subfield code="9">73735</subfield>
  </datafield>
  <datafield tag="852" ind1=" " ind2=" ">
    <subfield code="a">Es-MaACL</subfield>
    <subfield code="b">R.153166</subfield>
    <subfield code="c">DEPOJ</subfield>
    <subfield code="h">Donaci&#xF3;n: Editorial </subfield>
    <subfield code="j">N-8331</subfield>
    <subfield code="9">199997</subfield>
  </datafield>
  <datafield tag="942" ind1=" " ind2=" ">
    <subfield code="n">0</subfield>
    <subfield code="c">MONOGRAFIA</subfield>
  </datafield>
  <datafield tag="999" ind1=" " ind2=" ">
    <subfield code="c">192700</subfield>
    <subfield code="d">192700</subfield>
  </datafield>
  <datafield tag="952" ind1=" " ind2=" ">
    <subfield code="0">0</subfield>
    <subfield code="1">0</subfield>
    <subfield code="2">udc</subfield>
    <subfield code="4">0</subfield>
    <subfield code="7">0</subfield>
    <subfield code="a">ATENEOM</subfield>
    <subfield code="b">ATENEOM</subfield>
    <subfield code="c">DEPOJ</subfield>
    <subfield code="d">2023-12-29</subfield>
    <subfield code="e">DONACION</subfield>
    <subfield code="l">0</subfield>
    <subfield code="o">N-8331</subfield>
    <subfield code="p">101205285</subfield>
    <subfield code="r">2023-05-12 00:00:00</subfield>
    <subfield code="y">MONOGRAFIA</subfield>
  </datafield>
</record>
